[Event "ODJM A 2019"]
[Site "Willingen GER"]
[Date "2019.06.13"]
[Round "7"]
[White "Dietz, Florian"]
[Black "Meiwes, Thore"]
[Result "1/2-1/2"]
[Termination "normal"]
[Board "20"]
[WhiteElo "2139"]
[BlackElo "1933"]
[PlyCount "85"]
[WhiteFideId "12939897"]
[BlackFideId "16201256"]
[EventCountry "GER"]
[EventRounds "9"]
[EventType "swiss"]
[EventDate "2019.06.08"]

1. e4 c5 2. Nf3 Nc6 3. d4 cxd4 4. Nxd4 Nf6 5. Nc3 g6 6. Be3 Bg7 7. Bc4 O-O 8.
Bb3 d6 9. f3 Bd7 10. Qd2 Na5 11. O-O-O Rb8 12. Nd5 b5 13. Nxe7+ Kh8 14. Nd5 Nc4
15. Bxc4 bxc4 16. Bg5 Be6 17. Nxf6 Bxf6 18. Bxf6+ Qxf6 19. c3 Rb6 20. Qe3 Rfb8
21. Rd2 Qe7 22. h4 Qb7 23. Qf2 Qa6 24. Kb1 Qa4 25. Ka1 Ra6 26. a3 Rxb2 27. Rxb2
Qxa3+ 28. Kb1 Qa1+ 29. Kc2 Qxh1 30. h5 Kg7 31. h6+ Kxh6 32. Qd2+ g5 33. f4 Qh4
34. Nxe6 fxe6 35. fxg5+ Qxg5 36. Qf2 Kg6 37. Qe2 Rb6 38. Ra2 a5 39. g3 h5 40.
Qxc4 Qe5 41. Rxa5 Qxa5 42. Qxe6+ Kg5 43. Qg8+ 1/2-1/2

[Event "ODJM A 2019"]
[Site "Willingen GER"]
[Date "2019.06.13"]
[Round "7"]
[White "Grund, Sebastian"]
[Black "Biermann, Lenhard"]
[Result "0-1"]
[Termination "normal"]
[Board "21"]
[WhiteElo "2051"]
[BlackElo "2069"]
[PlyCount "98"]
[WhiteFideId "12988626"]
[BlackFideId "12970077"]
[EventCountry "GER"]
[EventRounds "9"]
[EventType "swiss"]
[EventDate "2019.06.08"]

1. d4 e6 2. c4 Nf6 3. Nf3 b6 4. g3 Ba6 5. b3 d5 6. cxd5 exd5 7. Bg2 Bb4+ 8. Bd2
Bd6 9. O-O O-O 10. Nc3 h6 11. Qc2 Re8 12. Rfe1 Nbd7 13. e4 dxe4 14. Nxe4 Nxe4
15. Rxe4 Rxe4 16. Qxe4 Nf6 17. Qc6 Rb8 18. Re1 Bb7 19. Qc2 Rc8 20. b4 a6 21. a4
c5 22. bxc5 bxc5 23. dxc5 Bxc5 24. Qb2 Bc6 25. Rc1 Ne4 26. Be1 Qe7 27. Qe5 Qa7
28. Rc2 Re8 29. Qa1 Bd5 30. Nh4 Bd4 31. Qb1 Qa8 32. Re2 Nf6 33. Rxe8+ Qxe8 34.
Qd1 Bxg2 35. Nxg2 Qe4 36. Qc1 Kh7 37. Qf4 g5 38. Qc7 Kg7 39. Qc1 Ng4 40. Bc3
Nxf2 41. Qa1 Nh3+ 42. Kh1 Nf2+ 43. Kg1 Nh3+ 44. Kh1 Bxc3 45. Qxc3+ Kg6 46. Qb3
Nf2+ 47. Kg1 Nh3+ 48. Kh1 Nf2+ 49. Kg1 Qd4 0-1

[Event "ODJM A 2019"]
[Site "Willingen GER"]
[Date "2019.06.13"]
[Round "7"]
[White "Brunner, Jan"]
[Black "Bosselmann, Tom Linus"]
[Result "1/2-1/2"]
[Termination "normal"]
[Board "22"]
[WhiteElo "2046"]
[BlackElo "1963"]
[PlyCount "90"]
[WhiteFideId "12981010"]
[BlackFideId "12983845"]
[EventCountry "GER"]
[EventRounds "9"]
[EventType "swiss"]
[EventDate "2019.06.08"]

1. d4 Nf6 2. c4 g6 3. f3 Bg7 4. e4 d6 5. Nc3 O-O 6. Bg5 Nbd7 7. Qd2 c5 8. d5 a6
9. Be2 Rb8 10. Nh3 Re8 11. Nf2 Nf8 12. O-O e5 13. g3 Bd7 14. a4 Qc7 15. Kg2 Qc8
16. Bh6 Nh5 17. Ng4 Bh8 18. Rae1 Nf6 19. h3 b5 20. cxb5 axb5 21. Nxb5 Rb6 22.
Bc4 Nxg4 23. fxg4 f6 24. Qf2 Re7 25. Be3 Rf7 26. Kh2 h5 27. gxh5 Bxh3 28. Rh1
f5 29. hxg6 Nxg6 30. Kg1 f4 31. Qh2 Bg4 32. Qh6 Rg7 33. Bf2 Qf8 34. Bxc5 Ra6
35. Rf1 Qc8 36. b4 dxc5 37. d6+ Be6 38. Qh3 Nf8 39. Qxh8+ Kf7 40. Qh5+ Kg8 41.
Qh8+ Kf7 42. d7 Qxd7 43. Qh5+ Kg8 44. Qh8+ Kf7 45. Rh5 Rg8 1/2-1/2

[Event "ODJM A 2019"]
[Site "Willingen GER"]
[Date "2019.06.13"]
[Round "7"]
[White "Gorainow, Nikita"]
[Black "Kamp, Adrian"]
[Result "1/2-1/2"]
[Termination "normal"]
[Board "23"]
[WhiteElo "1923"]
[BlackElo "1865"]
[PlyCount "75"]
[WhiteFideId "12970093"]
[BlackFideId "16222466"]
[EventCountry "GER"]
[EventRounds "9"]
[EventType "swiss"]
[EventDate "2019.06.08"]

1. e4 c5 2. Nf3 d6 3. d4 cxd4 4. Nxd4 Nf6 5. Nc3 g6 6. Be3 Bg7 7. f3 O-O 8. Qd2
Nc6 9. g4 Qa5 10. h4 h5 11. gxh5 Nxh5 12. Rg1 Bd7 13. Be2 Nxd4 14. Bxd4 Bxd4
15. Qxd4 Nf4 16. Qd2 Nxe2 17. Qxe2 Rac8 18. Rg5 Rc5 19. Rxc5 Qxc5 20. O-O-O Be6
21. f4 Kg7 22. Kb1 Rh8 23. Rh1 Qh5 24. Qf2 Qc5 25. Qg2 Kf8 26. Qf3 Qh5 27. Qf2
Qg4 28. Nd1 b6 29. Ne3 Qh5 30. f5 gxf5 31. exf5 Bd7 32. f6 exf6 33. Qxf6 Qe5
34. Qd8+ Qe8 35. Qg5 Qe5 36. Qd8+ Qe8 37. Qg5 Qe5 38. Qd8+ 1/2-1/2

[Event "ODJM A 2019"]
[Site "Willingen GER"]
[Date "2019.06.13"]
[Round "7"]
[White "Lohr, Maximilian"]
[Black "Fröhlich, Franziska"]
[Result "1-0"]
[Termination "normal"]
[Board "24"]
[WhiteElo "1981"]
[BlackElo "1820"]
[PlyCount "93"]
[WhiteFideId "12999717"]
[BlackFideId "12988596"]
[EventCountry "GER"]
[EventRounds "9"]
[EventType "swiss"]
[EventDate "2019.06.08"]

1. e4 e6 2. d4 d5 3. Nc3 Bb4 4. e5 c5 5. a3 Bxc3+ 6. bxc3 Ne7 7. Qg4 Qc7 8.
Qxg7 Rg8 9. Qxh7 cxd4 10. Ne2 Nbc6 11. f4 dxc3 12. h4 Bd7 13. h5 O-O-O 14. Qd3
d4 15. Rb1 Nf5 16. Rg1 Nh6 17. a4 Qa5 18. Qb5 Qc7 19. Ba3 Ne7 20. Qb4 Nef5 21.
Nxd4 Rg3 22. Ne2 Ne3 23. Qb3 Rg4 24. Bd6 Qc6 25. Nd4 Qe4 26. Qxc3+ Bc6 27. Be2
Rxg2 28. Rxg2 Nxg2+ 29. Kd1 Nf5 30. Nxf5 exf5 31. Rb4 Qe3 32. Qxe3 Nxe3+ 33.
Kd2 Ng4 34. Bd3 Nh6 35. Ke2 Rg8 36. Kf1 Kd8 37. Rd4 Ke8 38. Bb5 Bxb5+ 39. axb5
Ng4 40. Ra4 Rh8 41. Rxa7 Rxh5 42. Rxb7 Ne3+ 43. Kf2 Nxc2 44. Re7+ Kd8 45. Rxf7
Rh3 46. e6 Rb3 47. Rf8# 1-0

[Event "ODJM A 2019"]
[Site "Willingen GER"]
[Date "2019.06.13"]
[Round "7"]
[White "Kolb, Tobias"]
[Black "Müller, Magnus"]
[Result "0-1"]
[Termination "normal"]
[Board "25"]
[WhiteElo "1915"]
[BlackElo "1837"]
[PlyCount "88"]
[WhiteFideId "12992321"]
[BlackFideId "16230060"]
[EventCountry "GER"]
[EventRounds "9"]
[EventType "swiss"]
[EventDate "2019.06.08"]

1. e4 c5 2. Nc3 Nc6 3. g3 g6 4. Bg2 Bg7 5. d3 d6 6. Be3 Nd4 7. Qd2 Qa5 8. f4 e6
9. Nf3 Ne7 10. O-O Nec6 11. g4 O-O 12. f5 Nxf3+ 13. Rxf3 Qb4 14. Raf1 f6 15.
fxg6 hxg6 16. Bh6 Ne5 17. Rh3 g5 18. Bxg7 Kxg7 19. Rh5 Ng6 20. h4 Qd4+ 21. Kh1
Nxh4 22. Nb5 Qe5 23. Nc7 Rb8 24. c3 Bd7 25. d4 Qg3 26. e5 Qxg2+ 27. Qxg2 Nxg2
28. Kxg2 fxe5 29. Rxg5+ Kh6 30. Rh5+ Kg6 31. Rxf8 Rxf8 32. dxe5 d5 33. Kg3 Rc8
34. Nxd5 exd5 35. Kh4 Rf8 36. Rg5+ Kf7 37. Rh5 Rg8 38. g5 Kg7 39. a3 Rh8 40.
Rxh8 Kxh8 41. g6 Kg7 42. Kg5 Be6 43. b4 c4 44. a4 d4 0-1

[Event "ODJM A 2019"]
[Site "Willingen GER"]
[Date "2019.06.13"]
[Round "7"]
[White "Askerov, Imamali"]
[Black "Jenner, Meikel"]
[Result "1/2-1/2"]
[Termination "normal"]
[Board "26"]
[WhiteElo "1986"]
[BlackElo "1797"]
[PlyCount "94"]
[WhiteFideId "12974498"]
[BlackFideId "16245342"]
[EventCountry "GER"]
[EventRounds "9"]
[EventType "swiss"]
[EventDate "2019.06.08"]

1. e4 c5 2. Nf3 g6 3. d4 cxd4 4. Nxd4 Nc6 5. Nc3 Bg7 6. Be3 Nf6 7. Bc4 Qa5 8.
O-O O-O 9. Bb3 d6 10. h3 Bd7 11. Re1 Rac8 12. Qd2 Ne5 13. Rad1 Nc4 14. Bxc4
Rxc4 15. Nb3 Qc7 16. Bg5 Be6 17. Kh1 a6 18. Qd3 b5 19. a3 Re8 20. Be3 Nd7 21.
Nd4 Ne5 22. Qd2 Nc6 23. Nde2 b4 24. axb4 Nxb4 25. Rc1 Rd8 26. Na4 Qc6 27. Nb6
Rxe4 28. Ng3 Rh4 29. c3 Bxh3 30. f3 Nd3 31. gxh3 Qxf3+ 32. Kh2 Be5 33. Qg2 Nxe1
34. Rxe1 Qxg3+ 35. Qxg3 Bxg3+ 36. Kxg3 Re4 37. Kf3 f5 38. Ra1 Rb8 39. Rxa6 Kf7
40. b4 Ke6 41. Na4 Rc4 42. Ra7 Kf6 43. Nb6 Rxb6 44. Bxb6 Rxc3+ 45. Kg2 Rc2+ 46.
Bf2 Rb2 47. Rb7 e5 1/2-1/2

[Event "ODJM A 2019"]
[Site "Willingen GER"]
[Date "2019.06.13"]
[Round "7"]
[White "Bender, Felix"]
[Black "Paeslack, Luis"]
[Result "1/2-1/2"]
[Termination "normal"]
[Board "27"]
[WhiteElo "1678"]
[BlackElo "2014"]
[PlyCount "44"]
[WhiteFideId "16215656"]
[BlackFideId "12987760"]
[EventCountry "GER"]
[EventRounds "9"]
[EventType "swiss"]
[EventDate "2019.06.08"]

1. e4 c5 2. Nf3 Nc6 3. d4 cxd4 4. Nxd4 Nf6 5. Nc3 e5 6. Nf3 Bb4 7. Bg5 Bxc3+ 8.
bxc3 Qa5 9. Bd3 Qxc3+ 10. Bd2 Qa3 11. O-O d6 12. h3 h6 13. Qe2 Be6 14. Rab1 Rb8
15. Rb5 a6 16. Rbb1 Nd7 17. Nh4 Nc5 18. f4 Nxd3 19. cxd3 exf4 20. Bxf4 g5 21.
Bc1 Qc5+ 22. Be3 Qe5 1/2-1/2

[Event "ODJM A 2019"]
[Site "Willingen GER"]
[Date "2019.06.13"]
[Round "7"]
[White "Bajorski, Marius"]
[Black "Muckle, Richard"]
[Result "1/2-1/2"]
[Termination "normal"]
[Board "28"]
[WhiteElo "1967"]
[BlackElo "2057"]
[PlyCount "75"]
[WhiteFideId "12938831"]
[BlackFideId "12942553"]
[EventCountry "GER"]
[EventRounds "9"]
[EventType "swiss"]
[EventDate "2019.06.08"]

1. e4 e6 2. d4 d5 3. Nc3 dxe4 4. Nxe4 Be7 5. Nf3 Nf6 6. Bd3 Bd7 7. Ne5 Nc6 8.
Nxd7 Qxd7 9. c3 Rd8 10. Nxf6+ Bxf6 11. Bc2 e5 12. dxe5 Qxd1+ 13. Bxd1 Nxe5 14.
O-O O-O 15. Be2 Rfe8 16. Be3 b6 17. Rad1 Kf8 18. f4 Ng6 19. Kf2 Be7 20. Bb5
Rxd1 21. Rxd1 Rd8 22. Rxd8+ Bxd8 23. g4 Be7 24. h3 Bc5 25. Bxc5+ bxc5 26. Ke3
Ke7 27. Ke4 Kd6 28. Be8 Ke7 29. Bb5 Kd6 30. Be8 f6 31. Bxg6 hxg6 32. c4 Kc6 33.
h4 Kd6 34. g5 f5+ 35. Kd3 Kc6 36. b3 Kb6 37. a3 a5 38. a4 1/2-1/2

[Event "ODJM A 2019"]
[Site "Willingen GER"]
[Date "2019.06.13"]
[Round "7"]
[White "Teichert, Felix"]
[Black "Zha, Kevin"]
[Result "1-0"]
[Termination "normal"]
[Board "29"]
[WhiteElo "2027"]
[BlackElo "1764"]
[PlyCount "55"]
[WhiteFideId "12987670"]
[BlackFideId "16208951"]
[EventCountry "GER"]
[EventRounds "9"]
[EventType "swiss"]
[EventDate "2019.06.08"]

1. b3 f5 2. Bb2 Nf6 3. Nf3 d6 4. d4 g6 5. g3 Bg7 6. c4 O-O 7. Bg2 Qe8 8. O-O
Nc6 9. Nc3 a6 10. Rc1 e5 11. Nd5 Qf7 12. dxe5 dxe5 13. Nxe5 Nxe5 14. Bxe5 Nxd5
15. Bxd5 Be6 16. Bxg7 Kxg7 17. Qd4+ Kg8 18. Bxb7 Rad8 19. Qc3 Rd7 20. Rfd1 Rfd8
21. Rxd7 Qxd7 22. Qf3 Bf7 23. Bd5 Bxd5 24. cxd5 Re8 25. e3 f4 26. Qxf4 Rf8 27.
Qe5 Rf5 28. Rxc7 1-0

[Event "ODJM A 2019"]
[Site "Willingen GER"]
[Date "2019.06.13"]
[Round "7"]
[White "Fistoul, Boris"]
[Black "Klugstedt, Vincent C."]
[Result "1-0"]
[Termination "normal"]
[Board "30"]
[WhiteElo "1918"]
[BlackElo "1827"]
[PlyCount "75"]
[WhiteFideId "12953962"]
[BlackFideId "16216393"]
[EventCountry "GER"]
[EventRounds "9"]
[EventType "swiss"]
[EventDate "2019.06.08"]

1. d4 Nf6 2. c4 e6 3. Nc3 Bb4 4. f3 d5 5. e3 c5 6. a3 Bxc3+ 7. bxc3 Nc6 8. cxd5
Nxd5 9. Qc2 O-O 10. Bd3 h6 11. Ne2 e5 12. e4 Nb6 13. dxc5 Nd7 14. Be3 Qa5 15.
O-O Nxc5 16. Bc4 Be6 17. Bd5 Bxd5 18. exd5 Ne7 19. c4 Qc7 20. Rfd1 Rfd8 21. Nc3
b6 22. Ne4 Nxe4 23. fxe4 Rac8 24. Rac1 Ng6 25. a4 Nf8 26. Rf1 Nd7 27. Rf3 Nc5
28. Rcf1 Rd6 29. Rxf7 Qxf7 30. Rxf7 Kxf7 31. Bxc5 Rxc5 32. Qc3 Rf6 33. h3 Rc7
34. Qxe5 Rxc4 35. d6 Rc1+ 36. Kh2 Rf2 37. d7 Rcc2 38. Qe8+ 1-0

[Event "ODJM A 2019"]
[Site "Willingen GER"]
[Date "2019.06.13"]
[Round "7"]
[White "Wachinger, David"]
[Black "Matthes, Aaron"]
[Result "1/2-1/2"]
[Termination "normal"]
[Board "32"]
[WhiteElo "2066"]
[BlackElo "1791"]
[PlyCount "64"]
[WhiteFideId "24692689"]
[BlackFideId "16227310"]
[EventCountry "GER"]
[EventRounds "9"]
[EventType "swiss"]
[EventDate "2019.06.08"]

1. d4 Nf6 2. c4 c5 3. Nf3 cxd4 4. Nxd4 Nc6 5. Nc3 e6 6. g3 Bc5 7. Nb3 Bb4 8.
Bg2 d5 9. cxd5 Nxd5 10. Bd2 Nb6 11. a3 Be7 12. Ne4 O-O 13. O-O e5 14. Rc1 Na4
15. Nec5 Nxc5 16. Nxc5 Bxc5 17. Rxc5 Qe7 18. Be3 Bd7 19. Qc2 Rac8 20. Rc1 Qe6
21. b4 a6 22. Qb2 b6 23. R5c2 Ne7 24. Bb7 Rxc2 25. Rxc2 Rb8 26. Bxa6 b5 27. Rc7
Nd5 28. Rb7 Rxb7 29. Bxb7 Nxe3 30. fxe3 Qb6 31. Bd5 Qxe3+ 32. Kh1 g6 1/2-1/2

[Event "ODJM A 2019"]
[Site "Willingen GER"]
[Date "2019.06.13"]
[Round "7"]
[White "Jurga, Jonas Vincent"]
[Black "Schilay, Lorenz"]
[Result "1/2-1/2"]
[Termination "normal"]
[Board "33"]
[WhiteElo "1879"]
[BlackElo "1888"]
[PlyCount "74"]
[WhiteFideId "12968013"]
[BlackFideId "12930180"]
[EventCountry "GER"]
[EventRounds "9"]
[EventType "swiss"]
[EventDate "2019.06.08"]

1. e4 e5 2. Nf3 Nc6 3. Nc3 Nf6 4. Bb5 Nd4 5. Nxd4 exd4 6. e5 dxc3 7. exf6 Qxf6
8. dxc3 Qe5+ 9. Qe2 Qxe2+ 10. Bxe2 Bc5 11. O-O O-O 12. c4 d6 13. Bd3 Bd7 14.
Re1 Rae8 15. Bd2 f5 16. Rxe8 Rxe8 17. Re1 Rxe1+ 18. Bxe1 Bd4 19. c3 Bf6 20. f4
g6 21. Kf2 Kf7 22. Bd2 Bc6 23. g3 Bh1 24. Be3 c5 25. Ke2 Ke6 26. Bc2 Bc6 27.
Kd2 a5 28. b3 b6 29. a4 Bf3 30. Bb1 Kf7 31. Bd3 Kg7 32. Bf2 Kh6 33. Be1 Kh5 34.
Ke3 Bd1 35. Be2+ Bxe2 36. Kxe2 Kg4 37. h4 Bg7 1/2-1/2

[Event "ODJM A 2019"]
[Site "Willingen GER"]
[Date "2019.06.13"]
[Round "7"]
[White "Kreutz, Jonas"]
[Black "Reucker, Friedrich"]
[Result "1/2-1/2"]
[Termination "normal"]
[Board "34"]
[WhiteElo "1970"]
[BlackElo "1939"]
[PlyCount "98"]
[WhiteFideId "12970697"]
[BlackFideId "12993670"]
[EventCountry "GER"]
[EventRounds "9"]
[EventType "swiss"]
[EventDate "2019.06.08"]

1. e4 c5 2. Nf3 d6 3. d4 cxd4 4. Qxd4 Nf6 5. Bg5 Nc6 6. Bb5 Bd7 7. Bxc6 bxc6 8.
Nc3 e5 9. Qd3 h6 10. Bh4 g5 11. Bg3 Be7 12. h4 g4 13. Nd2 Nh5 14. Nc4 Be6 15.
O-O-O Bxc4 16. Qxc4 Qb6 17. Rd3 Rb8 18. Na4 Qb5 19. Qxb5 Rxb5 20. c4 Rb4 21. b3
Rg8 22. Rhd1 Nf6 23. Nc3 Nd7 24. Na4 Nf6 25. Re1 Nh5 26. Kc2 f6 27. a3 Rb7 28.
b4 Ng7 29. f4 Ne6 30. f5 Nd4+ 31. Kb2 a5 32. Kc3 axb4+ 33. axb4 d5 34. c5 dxe4
35. Rxe4 Nxf5 36. Nb6 Bd8 37. Nc4 Rd7 38. Rxd7 Kxd7 39. Bf2 Ke6 40. g3 Ne7 41.
Re1 Nd5+ 42. Kb3 Bc7 43. Ra1 Rb8 44. Be1 f5 45. Ra6 Ne7 46. Ra7 Rc8 47. Bd2 h5
48. Bg5 Nd5 49. Ra6 Kd7 1/2-1/2

[Event "ODJM A 2019"]
[Site "Willingen GER"]
[Date "2019.06.13"]
[Round "7"]
[White "Rothenberg, Jannik"]
[Black "Kratz, Alexander"]
[Result "1/2-1/2"]
[Termination "normal"]
[Board "35"]
[WhiteElo "1795"]
[BlackElo "1741"]
[PlyCount "40"]
[WhiteFideId "16204743"]
[BlackFideId "16228529"]
[EventCountry "GER"]
[EventRounds "9"]
[EventType "swiss"]
[EventDate "2019.06.08"]

1. d4 g6 2. c4 Bg7 3. Nf3 d6 4. e4 e5 5. Nc3 Nc6 6. d5 Nd4 7. Be3 Bg4 8. Be2
Nxe2 9. Qxe2 f5 10. h3 Bxf3 11. gxf3 f4 12. Bd2 a5 13. Na4 Qd7 14. b3 b6 15.
Nb2 Nh6 16. Bc3 Nf7 17. Nd3 O-O 18. a3 c6 19. Qb2 cxd5 20. cxd5 Rfc8 1/2-1/2

[Event "ODJM A 2019"]
[Site "Willingen GER"]
[Date "2019.06.13"]
[Round "7"]
[White "Martin, Richard"]
[Black "Noever, Niklas"]
[Result "1/2-1/2"]
[Termination "normal"]
[Board "36"]
[WhiteElo "1951"]
[BlackElo "1762"]
[PlyCount "83"]
[WhiteFideId "12925691"]
[BlackFideId "12988642"]
[EventCountry "GER"]
[EventRounds "9"]
[EventType "swiss"]
[EventDate "2019.06.08"]

1. e4 c5 2. c3 d5 3. exd5 Qxd5 4. d4 g6 5. Nf3 Bg7 6. Nbd2 cxd4 7. Bc4 Qd8 8.
Nxd4 Nf6 9. O-O O-O 10. N2f3 Bg4 11. h3 Bxf3 12. Qxf3 Qc7 13. Bb3 Nbd7 14. Re1
e5 15. Nb5 Qb6 16. Na3 a6 17. Bg5 Qc7 18. Rad1 b5 19. Nc2 e4 20. Qf4 Qxf4 21.
Bxf4 Rfc8 22. Nb4 Nc5 23. Nd5 Nd3 24. Nc7 Nxf4 25. Nxa8 Rxa8 26. Bc2 Re8 27.
Rd6 a5 28. Rd4 Ne6 29. Rd6 Nf4 30. Rb6 Re5 31. Rd1 Ne6 32. Bb3 Nc7 33. Rb7 Nfe8
34. Rd7 Rf5 35. Rb8 Bf8 36. g4 Rf4 37. a4 bxa4 38. Bxa4 e3 39. Bb5 exf2+ 40.
Kf1 Kg7 41. Rdd8 Be7 42. Rxe8 1/2-1/2

[Event "ODJM A 2019"]
[Site "Willingen GER"]
[Date "2019.06.13"]
[Round "7"]
[White "Pepi, Lucas"]
[Black "Kesselmeier, Kevin"]
[Result "1-0"]
[Termination "normal"]
[Board "37"]
[WhiteElo "1918"]
[BlackElo "1937"]
[PlyCount "57"]
[WhiteFideId "12944920"]
[BlackFideId "16217551"]
[EventCountry "GER"]
[EventRounds "9"]
[EventType "swiss"]
[EventDate "2019.06.08"]

1. e4 c5 2. Nc3 d6 3. f4 g6 4. Nf3 Bg7 5. Bc4 Nc6 6. O-O Bg4 7. Bxf7+ Kf8 8.
Bc4 Nd4 9. Be2 h5 10. f5 Bxf3 11. fxg6 Nf6 12. Bxf3 Qe8 13. e5 dxe5 14. Be4 Kg8
15. d3 Nxe4 16. Nxe4 Qxg6 17. c3 Ne6 18. Qb3 Rc8 19. Be3 b6 20. Qc4 Bh6 21.
Bxh6 Qxh6 22. Ng5 Rc6 23. Nf7 Qe3+ 24. Kh1 Rh7 25. Nd8 b5 26. Qd5 Rd6 27. Nxe6
Rh6 28. Qa8+ Kh7 29. Rf7+ 1-0

[Event "ODJM A 2019"]
[Site "Willingen GER"]
[Date "2019.06.13"]
[Round "7"]
[White "Weimert, Miriam"]
[Black "Brockmeyer, Tobias"]
[Result "1/2-1/2"]
[Termination "normal"]
[Board "38"]
[WhiteElo "1903"]
[BlackElo "1896"]
[PlyCount "59"]
[WhiteFideId "12966703"]
[BlackFideId "12982385"]
[EventCountry "GER"]
[EventRounds "9"]
[EventType "swiss"]
[EventDate "2019.06.08"]

1. e4 c5 2. Nc3 a6 3. a4 e6 4. f4 d5 5. e5 Nc6 6. Nf3 h5 7. Be2 Qa5 8. O-O b5
9. d3 b4 10. Nb1 Nh6 11. Ng5 g6 12. Nd2 Qb6 13. Kh1 Nf5 14. Ndf3 a5 15. Bd2 Ba6
16. c3 Rc8 17. Qe1 Be7 18. Nh4 Bxg5 19. fxg5 Nxe5 20. Nxf5 gxf5 21. Qg3 Ng6 22.
cxb4 axb4 23. Rae1 Qc7 24. Qh3 h4 25. Bf3 Qd6 26. Bd1 Kd8 27. b3 Rc7 28. Be2
Rc8 29. Rc1 d4 30. Rce1 1/2-1/2

[Event "ODJM A 2019"]
[Site "Willingen GER"]
[Date "2019.06.13"]
[Round "7"]
[White "Recktenwald, Cedric"]
[Black "Gluma, Christian"]
[Result "1/2-1/2"]
[Termination "normal"]
[Board "39"]
[WhiteElo "1839"]
[BlackElo "1741"]
[PlyCount "68"]
[WhiteFideId "12971928"]
[BlackFideId "16223209"]
[EventCountry "GER"]
[EventRounds "9"]
[EventType "swiss"]
[EventDate "2019.06.08"]

1. e4 g6 2. d4 Bg7 3. Nc3 c6 4. Bc4 d5 5. exd5 b5 6. Bb3 b4 7. Na4 cxd5 8. Nf3
Nf6 9. Ne5 O-O 10. O-O e6 11. Bd2 a5 12. a3 bxa3 13. Rxa3 Nfd7 14. Re1 Qc7 15.
Bf4 Nxe5 16. Bxe5 Bxe5 17. Rxe5 Nc6 18. Re1 Ba6 19. Nc5 Rfb8 20. c3 Rb6 21. h4
Rab8 22. h5 Bc8 23. Qf3 Ne7 24. Qf6 a4 25. h6 Nf5 26. Bxd5 Nxh6 27. Nxa4 Ng4
28. Qh4 exd5 29. Nxb6 Qxb6 30. Re8+ Kg7 31. Qe7 Qxb2 32. Qf8+ Kf6 33. Qe7+ Kg7
34. Qf8+ Kf6 1/2-1/2

[Event "ODJM A 2019"]
[Site "Willingen GER"]
[Date "2019.06.13"]
[Round "7"]
[White "Helmer, Jan"]
[Black "Dornieden, Jonas"]
[Result "1/2-1/2"]
[Termination "normal"]
[Board "40"]
[WhiteElo "1900"]
[BlackElo "1864"]
[PlyCount "59"]
[WhiteFideId "12956686"]
[BlackFideId "1336460"]
[EventCountry "GER"]
[EventRounds "9"]
[EventType "swiss"]
[EventDate "2019.06.08"]

1. Nf3 d5 2. d4 Nf6 3. c4 c6 4. Nc3 dxc4 5. a4 Bf5 6. e3 e6 7. Bxc4 Bb4 8. O-O
O-O 9. Qe2 Nbd7 10. e4 Bg6 11. Bd3 Bh5 12. Bf4 Re8 13. Bc4 e5 14. dxe5 Bxc3 15.
bxc3 Bxf3 16. Qxf3 Nxe5 17. Bxe5 Rxe5 18. Rfe1 Qe7 19. Bd3 Re8 20. Rad1 h6 21.
h3 Kf8 22. Re3 Nxe4 23. Bxe4 Rxe4 24. Rxe4 Qxe4 25. Qxe4 Rxe4 26. Rd7 Rxa4 27.
Rxb7 a5 28. Ra7 Ra1+ 29. Kh2 Rc1 30. Rxa5 1/2-1/2

[Event "ODJM A 2019"]
[Site "Willingen GER"]
[Date "2019.06.13"]
[Round "7"]
[White "Baumann, Marcel"]
[Black "Pahl, Theis"]
[Result "1/2-1/2"]
[Termination "normal"]
[Board "41"]
[WhiteElo "1866"]
[BlackElo "2029"]
[PlyCount "51"]
[WhiteFideId "12974668"]
[BlackFideId "16201264"]
[EventCountry "GER"]
[EventRounds "9"]
[EventType "swiss"]
[EventDate "2019.06.08"]

1. d4 Nf6 2. c4 g6 3. Nf3 Bg7 4. g3 d5 5. cxd5 Nxd5 6. Bg2 Nb6 7. Nc3 Nc6 8. e3
O-O 9. O-O Re8 10. a3 e5 11. d5 Na5 12. e4 c6 13. Be3 cxd5 14. Bxb6 Qxb6 15.
Nxd5 Qd8 16. Rc1 Nc6 17. Qb3 Re6 18. Bh3 Rd6 19. Bxc8 Rxc8 20. Kg2 b6 21. h4
Bh6 22. Rc3 Kg7 23. Qa4 f6 24. b4 Qe8 25. Qa6 Qd7 26. Re1 1/2-1/2

[Event "ODJM A 2019"]
[Site "Willingen GER"]
[Date "2019.06.13"]
[Round "7"]
[White "Leser, Stefan"]
[Black "Uhlendorff, Luca"]
[Result "1-0"]
[Termination "normal"]
[Board "42"]
[WhiteElo "1779"]
[BlackElo "1735"]
[PlyCount "73"]
[WhiteFideId "12997706"]
[BlackFideId "16221923"]
[EventCountry "GER"]
[EventRounds "9"]
[EventType "swiss"]
[EventDate "2019.06.08"]

1. e4 d5 2. exd5 Qxd5 3. Nc3 Qd8 4. d4 Nf6 5. Nf3 Bg4 6. h3 Bxf3 7. Qxf3 c6 8.
Be3 e6 9. Bd3 Nbd7 10. O-O-O Bb4 11. Ne2 Qa5 12. Kb1 Nd5 13. Qg3 g6 14. c4 N5f6
15. a3 Bf8 16. Bd2 Qd8 17. Rhe1 Bg7 18. Bb4 a5 19. Bd6 Nb8 20. Bc7 Qc8 21. Be5
O-O 22. Nf4 Nbd7 23. h4 Nxe5 24. dxe5 Nd7 25. Nh3 h5 26. Bxg6 fxg6 27. Qxg6 Nc5
28. Ng5 Rf5 29. Qxh5 Qe8 30. Qh7+ Kf8 31. f4 Rc8 32. g4 Rxg5 33. fxg5 Rc7 34.
Rf1+ Rf7 35. g6 Bxe5 36. Rxf7+ Qxf7 37. Qxf7# 1-0

[Event "ODJM A 2019"]
[Site "Willingen GER"]
[Date "2019.06.13"]
[Round "7"]
[White "Yaroshenko, Yaroslav"]
[Black "Schrepp, Florian"]
[Result "0-1"]
[Termination "normal"]
[Board "43"]
[WhiteElo "1761"]
[BlackElo "1922"]
[PlyCount "82"]
[WhiteFideId "16204905"]
[BlackFideId "16239709"]
[EventCountry "GER"]
[EventRounds "9"]
[EventType "swiss"]
[EventDate "2019.06.08"]

1. e4 g6 2. d4 Bg7 3. Nc3 d6 4. Be3 Nc6 5. Bb5 Bd7 6. Qd2 e5 7. d5 Nce7 8.
Bxd7+ Qxd7 9. O-O-O f5 10. f3 Nf6 11. h3 O-O 12. Nge2 b5 13. b4 Rfd8 14. Qd3 a6
15. g4 fxe4 16. fxe4 c6 17. g5 Ne8 18. dxc6 Qxc6 19. Nd5 Nxd5 20. Qxd5+ Qxd5
21. Rxd5 Rdc8 22. Bd2 Rc4 23. Ng3 Rac8 24. Kb1 Rxc2 25. Rd3 R2c4 26. Rc1 Rxc1+
27. Bxc1 Rc4 28. Bd2 Bf8 29. a3 Nc7 30. Rc3 Rxc3 31. Bxc3 Kf7 32. Kc2 Ke6 33.
Kd3 d5 34. exd5+ Nxd5 35. Bd2 Nf4+ 36. Bxf4 exf4 37. Ne4 Be7 38. h4 Kf5 39. Nf2
Bd6 40. Kd4 Be5+ 41. Kd5 Bb2 0-1